000 00642nam a2200205 u 4500
001 000525052
003 AM-YeHGA
005 20250617135154.0
008 070307s1976 ||| r 000 0 rus d
040 _aAM-YeHGA
041 0 _arus
100 1 _aДацкевич, Владимир Афанасьевич
245 1 0 _aЗвери /
_cВ.А. Дацкевич.
260 _aМинск :
_bУраджай,
_c1976.
300 _a96 с. :
_bил.
440 0 _aБеловежская пуща
440 0 _aНаучно-популярная серия
_v3
653 0 _aЖивотные -Беловежская пуща
090 _c196418
999 _c194942
_d194942